000 00269nam a22001217a 4500
082 _a158
_b11790
100 _aWEISS,BRIAN
245 _aMANY LIVES, MANY MASTERS
260 _aLONDON
_bPIATKUS
300 _a219
650 _aPERSONALITY DEVELOPMENT
_zLONDON
942 _cBK
999 _c5502
_d5502